[Event "EIWCC 2017"]
[Site "Riga"]
[Date "2017.04.16"]
[Round "6"]
[White "Ziaziulkina, Nastassia"]
[Black "Fuchs, Judith"]
[Result "1-0"]
[WhiteElo "2387"]
[BlackElo "2274"]
[Annotator "TA"]
[PlyCount "77"]
[EventDate "2017.??.??"]
[EventType "swiss"]
[EventCountry "LAT"]
[SourceTitle "playchess.com"]
[Source "ChessBase"]
[SourceQuality "1"]

{[%evp 8,77,17,19,25,18,20,18,33,40,43,31,20,0,9,32,140,138,158,164,174,0,40,39,117,125,111,0,0,-106,-152,-126,-120,-207,-196,-234,-237,-199,-35,-177,-146,-312,-284,-323,-247,-359,-352,-344,-229,-298,-133,-148,-117,-116,138,99,99,99,222,235,999,1003,982,968,1759,1054,29988,29989,29989,29990,29991,29992]} 1. e4 {[%cal Be2e4,Be4e5][%mdl 32]} c6 2. Nc3 d5 3. Nf3 Nf6 4. e5 Ne4 5. Ne2 Qb6 {[%csl Ge4][%cal Rb6f2] B11: Caro-Kann: Two Knights Variation} 6. d4 e6 7. Ng3 Nxg3 {The position is equal.} (7... c5 8. Bd3 Nc6 9. Nxe4 dxe4 10. Bxe4 cxd4 11. O-O Bd7 12. a3 h6 13. Re1 {1-0 (71) Short,N (2675)-Caruana,F (2827) Caleta 2017}) 8. hxg3 c5 9. Ng5 $146 (9. c3 Nc6 10. Be2 Bd7 11. O-O O-O-O 12. dxc5 Bxc5 13. b4 {½-½ (32) Shen,A (2334)-Kudryavtsev,V (2145) Los Angeles 2013}) 9... Nc6 10. Qh5 $36 {[%mdl 2048] White is pushing.} Qc7 11. Nxh7 Rxh7 (11... cxd4 $2 12. Nf6+ $1 {[%mdl 512]} gxf6 13. Qxh8 $18) (11... Nxd4 $14 12. Nf6+ gxf6 13. Qxh8 Qxe5+ 14. Kd1 Qe4 15. Qxf6 (15. Bd3 Qxg2 16. Be3 Qf3+ 17. Kd2 e5 $11) 15... Qxc2+ 16. Ke1 Qe4+ 17. Kd2 c4) 12. Qxh7 $16 cxd4 13. Bf4 Bd7 14. Qg8 $2 (14. O-O-O $18) 14... O-O-O 15. Qxf7 Bb4+ (15... Nxe5 $14 16. Qh5 Qxc2) 16. Kd1 g5 17. a3 ({White must play} 17. Bxg5 $16 Qxe5 18. Bd2) 17... gxf4 $11 18. gxf4 (18. axb4 $11 {was the only way to keep the balance.} Nxb4 19. Qg6 (19. Qxf4 Qxc2+ 20. Ke1 Qxb2 21. Rc1+ Nc2+ 22. Kd2 Ba4 $15)) 18... d3 $17 (18... Rf8 $6 19. Qg7 Be7 20. Rh8 $11) 19. Bxd3 (19. axb4 $2 Nxe5 $1 {[%mdl 512]} 20. Qxd7+ Nxd7 $19) 19... Bc5 20. Ke2 (20. Kc1 $17) 20... Qb6 $1 $19 {[%cal Rb6b2]} 21. b4 Bxf2 22. Rh3 Bd4 $2 (22... Nd4+ $1 $19 23. Kf1 Nf5 24. Bxf5 exf5) 23. Rd1 ({White should try} 23. Rah1 $1 $15) 23... Bb2 {[%cal Bd4b2,Bb2a3,Ba3b4][%mdl 32]} 24. g4 $2 (24. Qf6 $17 {keeps fighting.}) 24... Bxa3 25. g5 Bxb4 {...Rf8 is the strong threat.} 26. Rdh1 (26. g6 {only move.} Rf8 27. Qxf8+ Bxf8 28. Rh8 Nd4+ 29. Kf1) 26... Nd4+ (26... Rf8 27. Rh8 Rxh8 28. Rxh8+ Kc7 29. Rh1 $19) 27. Kf1 Be8 28. Qh7 {[#]} Qc5 (28... Nf5 $1 $19 {is more deadly. Threatens to win with ...Bb5.} 29. Bxf5 exf5) 29. g6 $17 Qc3 {Hoping for ...Qe1+.} ({And not} 29... Nxc2 30. g7 Bf7 31. Bxc2 $16) 30. Qh4 Qd2 $2 {[%mdl 8192]} (30... Nxc2 $17 {stays on course.} 31. Qf2 Ne1) 31. g7 $1 $16 {[%cal Rg7g8]} Bf7 {White must now prevent ...Rg8.} 32. Qf2 Qc3 {[#]} (32... Qxf2+ $16 {was called for.} 33. Kxf2 Bc5) 33. Rh8 $1 $18 Bg8 $2 {[#]} (33... Qa3 34. Kg2 (34. Qxd4 $2 Bc5 35. Qxc5+ Qxc5 $19) 34... Nc6 35. Rxd8+ Kxd8 36. Rh8+ Kc7) 34. Rxg8 $1 {[%mdl 512]} ({Worse is} 34. Kg2 Nc6 $11) 34... Rxg8 35. Rh8 Qa1+ 36. Kg2 Be1 37. Rxg8+ {White mates.} Kc7 38. Rc8+ Kb6 39. g8=Q 1-0

[Event "EIWCC 2017"]
[Site "Riga"]
[Date "2017.04.16"]
[Round "6"]
[White "Ovod, Evgenija"]
[Black "Javakhishvili, Lela"]
[Result "0-1"]
[WhiteElo "2382"]
[BlackElo "2456"]
[Annotator "TA"]
[PlyCount "80"]
[EventDate "2017.??.??"]
[EventType "swiss"]
[EventCountry "LAT"]
[SourceTitle "playchess.com"]
[Source "ChessBase"]
[SourceQuality "1"]

{[%evp 11,80,62,75,56,64,59,79,52,62,35,40,15,15,11,18,-75,-64,-56,-59,-40,-45,-41,-17,-97,-100,-106,-17,-44,-27,-26,-6,-35,-44,-88,-72,-155,-85,-118,-39,-77,-57,-42,0,-375,-391,-395,-380,-548,-383,-852,-891,-1058,-1073,-1737,-1577,-29979,-29978,-29980,-29979,-29985,-29985,-29985,-29986,-29990,-29982,-29982,-1757,-29983,-29984,-29984,-29985]} 1. d4 {[%cal Bd2d4,Bd4d5][%mdl 32]} g6 2. c4 Bg7 3. Nc3 c5 4. d5 d6 5. e4 e6 6. Bd3 Ne7 7. h4 {A43: Schmid Benoni} (7. Nf3 O-O 8. O-O exd5 9. exd5 Bf5 10. Re1 Bxd3 11. Qxd3 Nd7 12. Bf4 Nf6 13. h3 a6 14. Re2 Qd7 15. Rae1 Rae8 16. b3 {½-½ (29) Mchedlishvili,M (2601)-Malakhov,V (2713) Doha 2016}) 7... a6 8. h5 $146 (8. a4 exd5 9. cxd5 Nd7 10. h5 Ne5 11. Be2 f5 12. Nh3 fxe4 13. Nxe4 Bf5 14. h6 Bxe4 15. hxg7 {1-0 (32) Rogers,I (2559)-Wohl,A (2388) Birmingham 2002}) 8... exd5 9. exd5 {White is better.} Bf5 10. Be2 gxh5 11. Rxh5 Bg6 12. Rh3 Nd7 13. Bh6 (13. Kf1 $1 $11) 13... Bxh6 $1 $17 14. Rxh6 Nf5 15. Rh3 Nd4 16. Kf1 Ne5 17. b3 {[#]} (17. Nf3 $11 Ndxf3 18. Bxf3 (18. gxf3 Qf6 $15)) 17... Qf6 $1 18. Qd2 O-O (18... h5 $17 19. Re1 O-O-O) 19. Re1 $11 Rae8 20. Bd1 b5 21. cxb5 axb5 22. a4 bxa4 $40 {[%mdl 128] White is in trouble.} 23. Nxa4 {[#]} (23. bxa4 $142 Nc4 24. Qc1) 23... Qf5 (23... Bf5 $142 $1 {[%cal Rf5h3]} 24. Rhe3 Re7 25. Rg3+ Kh8) 24. Nb2 Rb8 ({Black should play} 24... Ng4 $17 25. Nf3 Rxe1+ 26. Qxe1 Qxd5) 25. Ne2 Rb4 26. Ng3 Qd7 {Strongly threatening ...Nef3!} 27. f4 $2 {[%mdl 8192] [#]} (27. Ne4 $11 {and White stays safe.} f6 28. Nc4 Nxb3 29. Bxb3 Nxc4 30. Bxc4 Rxc4 31. Qf4 Rxe4 32. Rxe4 Bxe4 33. Qxe4) 27... Nef3 $1 $19 {[%mdl 512]} ({Weaker is} 27... Nxb3 28. Qe3 (28. Bxb3 $2 Nf3 29. gxf3 Qxh3+ 30. Qg2 Qxg2+ 31. Kxg2 Rxb3 $19) 28... Nd4 29. fxe5 $17) 28. Qf2 (28. Bxf3 Nxf3) 28... Nxe1 29. Kxe1 (29. Qxe1 $142 Nxb3 30. f5) 29... Nf5 30. Bc2 $2 (30. Nxf5 Qxf5 31. Nc4) 30... Re8+ 31. Kd2 Nd4 32. f5 Nxb3+ 33. Kc3 Qe7 34. Bxb3 Reb8 35. Bc2 Qe5+ 36. Kd2 Rxb2 37. Kc1 {[#]} Rxc2+ $1 38. Qxc2 (38. Kxc2 Rb2+) 38... Qe1+ 39. Qd1 {[#]} Rb1+ $1 {[%mdl 512]} 40. Kxb1 Qxd1+ 0-1

[Event "EIWCC 2017"]
[Site "Riga"]
[Date "2017.04.16"]
[Round "6"]
[White "Charochkina, Daria"]
[Black "Abdulla, Khayala"]
[Result "1/2-1/2"]
[WhiteElo "2381"]
[BlackElo "2241"]
[Annotator "TA"]
[PlyCount "110"]
[EventDate "2017.??.??"]
[EventType "swiss"]
[EventCountry "LAT"]
[SourceTitle "playchess.com"]
[Source "ChessBase"]
[SourceQuality "1"]

{[%evp 13,110,0,1,0,0,0,0,4,0,-5,-11,-57,-20,-79,-79,-98,-64,-79,-77,-78,-72,-94,-74,-118,-84,-88,-77,-145,-94,-173,-164,-169,-171,-227,-229,-260,-262,-252,-245,-241,-226,-209,-147,-147,-147,-147,-136,-136,-136,-136,-136,-136,-136,-136,-136,-136,-136,-141,-136,-136,-136,-168,-83,-90,-94,-102,-101,-97,-97,-85,-75,-113,-113,-130,-130,-130,-130,-133,-124,-133,-114,-114,-97,-97,-97,-104,-73,-73,-73,-73,-73,-73,0,0,0,0,0,0,0]} 1. d4 d5 2. Bf4 Nf6 3. e3 e6 4. Nd2 c5 5. c3 Nc6 6. Ngf3 Bd6 7. Bg3 O-O {LiveBook: 566 Games} 8. Bb5 {D02: 1 d4 d5 2 Nf3 sidelines, including 2...Nf6 3 g3 and 2...Nf6 3 Bf4} Ne7 (8... a6 9. Bxc6 bxc6 10. Qa4 Rb8 11. Qa3 Bxg3 12. hxg3 cxd4 13. cxd4 a5 14. O-O Qb6 15. b3 Ba6 {1-0 (24) Carlsen,M (2840)-Anand,V (2779) Doha 2016}) 9. Bd3 c4 10. Bc2 $146 (10. Bb1 b5 11. Bh4 Ng6 12. Bxf6 Qxf6 13. h4 e5 14. h5 Ne7 15. dxe5 Bxe5 16. Nxe5 Qxe5 {1-0 (35) Wei,Y (2700)-Ganguly,S (2672) China 2016}) 10... b5 11. Ne5 Qc7 12. h4 Nd7 13. f4 (13. Nxd7 $11 {remains equal.} Bxd7 14. Bxd6 Qxd6 15. a3) 13... f6 $36 {[%mdl 2048] Black has strong initiative.} 14. Ndf3 Nf5 15. Nxd7 Bxd7 16. Bf2 Nh6 17. Nh2 Bc6 18. Qh5 Qf7 (18... b4 $5 {feels hotter.} 19. O-O a5 20. Rfb1 Rab8 21. Qd1 e5) 19. Qxf7+ Nxf7 20. O-O-O (20. O-O $142) 20... b4 (20... a5 $142 21. g4 b4) 21. g4 (21. cxb4 $17 a5 22. b5 Bxb5 23. Be1) 21... a5 $19 22. g5 {[#]} f5 $1 23. g6 (23. Be1 {might work better.}) 23... hxg6 24. Rdg1 bxc3 25. bxc3 Ba3+ 26. Kd2 Rfb8 27. Rb1 Nh6 28. Nf3 Ng4 29. Bg3 Bd6 30. Ng5 Bd7 31. Rxb8+ Rxb8 ({But not} 31... Bxb8 32. Rb1 $11 (32. h5 gxh5 33. Rxh5 Bd6 $17)) 32. Rb1 Rxb1 33. Bxb1 Kf8 34. Bc2 Ke7 35. Nf3 Nf6 36. Ne5 Be8 37. Bf2 Bxe5 (37... Ne4+ $19 38. Bxe4 fxe4) 38. fxe5 {[%mdl 4096] Endgame KBB-KBN} Nh7 39. Bg3 g5 40. hxg5 Kf7 41. Ke2 Nxg5 42. Kf2 Nh7 43. Kg2 g5 44. Be1 Kg6 45. Bd1 Bc6 46. Kh2 Nf8 47. Bd2 Nd7 48. Bc1 Nb6 49. Ba3 Ba4 50. Bc5 Bxd1 51. Bxb6 a4 52. Kg3 f4+ (52... a3 $17) 53. exf4 $11 {The position is equal.} g4 54. a3 Kf5 55. Ba5 Be2 1/2-1/2

[Event "EIWCC 2017"]
[Site "Riga"]
[Date "2017.04.16"]
[Round "6"]
[White "Osmanodja, Filiz"]
[Black "Sinitsina, Anastassia"]
[Result "1-0"]
[WhiteElo "2370"]
[BlackElo "2052"]
[Annotator "NA RC"]
[PlyCount "47"]
[EventDate "2017.??.??"]
[EventType "swiss"]
[EventCountry "LAT"]
[SourceTitle "playchess.com"]
[Source "ChessBase"]
[SourceQuality "1"]
[TimeControl "40/5400+30:1800+30"]

1. e4 {[%emt 0:00:00]} c5 {[%emt 0:00:15]} 2. Nc3 {[%emt 0:00:00]} Nc6 {[%emt 0:00:19]} 3. Bb5 {[%emt 0:00:00]} Nd4 {[%emt 0:01:18]} 4. Bc4 {[%emt 0:00:01]} e6 {[%emt 0:00:31]} 5. Nge2 {[%emt 0:01:00]} Qc7 {[%emt 0:02:33]} 6. d3 {[%emt 0:01:29]} Nxe2 {[%emt 0:01:30]} 7. Qxe2 {[%emt 0:02:08]} a6 {[%emt 0:00:44]} 8. a4 {[%emt 0:01:53]} Ne7 {[%emt 0:01:09]} 9. O-O {[%emt 0:06:59]} Nc6 {[%emt 0:01:18]} 10. f4 {[%emt 0:04:26]} Be7 {[%emt 0:02:12]} 11. Qg4 {[%emt 0:20:18]} O-O {[%emt 0:03:02]} 12. f5 {[%emt 0:01:16]} Ne5 {[%emt 0:08:47]} 13. Qg3 {[%emt 0:03:27]} Bd6 {[%emt 0:09:51]} 14. Bf4 {[%emt 0:08:45]} Nxc4 {[%emt 0:02:49]} 15. f6 {[%emt 0:00:58]} g6 {[%emt 0:00:23]} 16. Qg5 {[%emt 0:08:44]} Bxf4 {[%emt 0:07:48]} 17. Rxf4 {[%emt 0:00:07]} Nd6 {[%emt 0:00:11]} 18. e5 {[%emt 0:05:54]} Ne8 $18 {[%emt 0:00:47]} 19. Rh4 {[%emt 0:02:23]} h5 {[%emt 0:02:56]} 20. Rxh5 {[%emt 0:00:31]} Qb6 {[%emt 0:17:45]} 21. Rh3 {[%emt 0:00:48]} c4+ {[%emt 0:00:51]} 22. Kh1 {[%emt 0:00:29]} Qxb2 {[%emt 0:09:35]} 23. Rf1 {[%emt 0:00:18]} Qxc3 {[%emt 0:11:49]} 24. Qh6 {[%emt 0:00:47]} 1-0

[Event "EIWCC 2017"]
[Site "Riga"]
[Date "2017.04.16"]
[Round "6"]
[White "Badelka, Olga"]
[Black "Calzetta Ruiz, Monica"]
[Result "1/2-1/2"]
[WhiteElo "2362"]
[BlackElo "2257"]
[Annotator "TA"]
[PlyCount "129"]
[EventDate "2017.??.??"]
[EventType "swiss"]
[EventCountry "LAT"]
[SourceTitle "playchess.com"]
[Source "ChessBase"]
[SourceQuality "1"]

{[%evp 9,129,-1,12,-3,12,10,9,11,13,3,14,-2,-3,2,13,9,47,44,42,39,41,41,43,13,46,12,44,0,80,0,28,0,17,-8,77,67,89,82,100,107,178,170,253,249,378,350,429,425,339,225,268,133,133,134,138,142,140,143,147,143,152,142,143,143,148,134,143,143,142,141,138,148,141,135,247,188,184,183,201,154,295,238,310,305,328,309,353,327,302,97,283,97,98,98,98,98,98,98,98,98,98,97,98,98,98,97,98,0,97,0,0,0,0,0,0,0,0,0,0,0,0,0]} 1. c4 g6 2. Nc3 c5 3. g3 Bg7 4. Bg2 Nc6 5. d3 d6 6. Qd2 {A36: Symmetrical English vs ...g6: 4 Bg2 Bg7} (6. Bd2 e6 7. a3 Nge7 8. b4 cxb4 9. axb4 Nxb4 10. Qa4+ Nbc6 11. Nf3 O-O 12. O-O d5 13. Rfb1 b6 14. cxd5 exd5 {½-½ (31) Vachier Lagrave,M (2789)-So,W (2770) Leuven 2016}) 6... Qd7 7. b3 b6 8. Bb2 Bb7 9. Nd5 e5 10. e3 (10. f4 $5 {looks sharper.} Nge7 11. e4 Nd4 12. Nf3 Nxf3+ 13. Bxf3 Nxd5 14. cxd5 f5 15. exf5 O-O 16. fxg6 hxg6 17. O-O-O) 10... Nge7 11. Ne2 Nxd5 12. cxd5 Ne7 13. e4 O-O 14. O-O $146 f5 15. f4 a5 16. a3 Ba6 17. Rf2 Rae8 18. b4 Qb5 (18... Bh6 $11 {keeps the balance.}) 19. bxc5 ({White should try} 19. fxe5 $16 dxe5 20. Nc3) 19... bxc5 $11 20. Rd1 Rb8 21. Bc3 a4 (21... fxe4 $11 {remains equal.} 22. dxe4 Nc8) 22. fxe5 $16 dxe5 23. d6 $36 {[%mdl 2048] White is in control.} Nc6 24. exf5 Nd4 (24... gxf5 $16 25. d7 Kh8) 25. Nxd4 $1 $18 exd4 (25... cxd4 $142 26. Bb4 gxf5) 26. Ba5 $1 Qb3 (26... Kh8 {was worth a try.} 27. Bc7 Rbe8 28. fxg6 Rxf2 29. Qxf2 (29. Kxf2 c4 $16) 29... Bc8 30. gxh7 c4 31. dxc4 Qxc4) 27. Bc7 Bh6 28. Qxh6 Qxd1+ 29. Rf1 {White threatens Bd5+ and mate.} Qxd3 30. Bxb8 (30. d7 $1 $18 {is the precise move to win. White wants to mate with Bd5+.} Qe3+ 31. Qxe3 dxe3 32. Bd5+ (32. Bxb8 Rxb8 33. Rd1 Rd8 $14) 32... Kg7 33. f6+ $1 {[%mdl 512]} Kh6 34. Bf4+ (34. Bxb8 e2 35. Rc1 Rxb8 $18) 34... g5 35. Bxb8) 30... Rxb8 $16 31. fxg6 {[%csl Gg6][%cal Rh6h7]} Qe3+ 32. Qxe3 dxe3 33. gxh7+ Kxh7 {[%mdl 4096] Endgame KRB-KRB} 34. Re1 Rd8 35. Rxe3 Rxd6 36. Be4+ Kg7 37. Bc2 Rd4 38. Rc3 c4 39. Bxa4 Rd2 40. h4 Kf6 41. Re3 Kf5 (41... Rb2 $16 42. Bd7 Bb7) 42. Bc6 Kg4 43. a4 Bc8 44. Bb5 Rc2 (44... Bb7 $16 45. Bxc4 Bf3) 45. Kf1 Kh3 46. a5 Ra2 47. Bxc4 Rxa5 48. Kf2 Bg4 49. Bf1+ Kh2 {[#]} 50. Be2 $2 (50. Re4 $1 $18 {[%cal Re4g4]} Ra2+ 51. Be2 Bxe2 52. Rxe2) 50... Rf5+ 51. Ke1 Bxe2 52. Kxe2 {KR-KR} Kh3 53. Kd3 Kg4 54. Kd4 {And now Re5 would win.} Ra5 55. Rd3 Rb5 56. Ke4 Ra5 57. Rb3 Rc5 58. Rd3 {aiming for Rd5.} Ra5 $1 59. Rd5 (59. Rc3 $16) 59... Ra4+ $11 {The position is equal.} 60. Ke5 {Rd4+ is the strong threat.} Kxg3 61. h5 {Black must now prevent h6.} Ra6 62. Kf5 {Hoping for Kg5.} Kh4 63. Rd1 {Threatens to win with Rh1+.} Ra5+ 64. Kf4 {[%cal Rd1h1]} Kxh5 65. Ke4 1/2-1/2

[Event "EIWCC 2017"]
[Site "Riga"]
[Date "2017.04.16"]
[Round "6"]
[White "Mammadova, Gulnar"]
[Black "Petrenko, Svetlana"]
[Result "1/2-1/2"]
[WhiteElo "2357"]
[BlackElo "2136"]
[Annotator "TA"]
[PlyCount "85"]
[EventDate "2017.??.??"]
[EventType "swiss"]
[EventCountry "LAT"]
[SourceTitle "playchess.com"]
[Source "ChessBase"]
[SourceQuality "1"]

{[%evp 6,85,13,20,45,33,39,27,29,26,27,25,23,-17,-9,-13,-9,-18,-17,-19,-14,-28,4,20,54,44,45,45,104,104,119,117,130,72,65,67,74,45,233,229,224,222,231,215,312,205,203,195,187,195,198,154,156,158,177,164,157,0,180,157,141,159,287,297,323,333,289,249,235,252,242,243,256,221,237,220,350,345,368,373,353,353]} 1. e4 c5 2. Nf3 d6 3. Bb5+ Nd7 4. a4 {LiveBook: 60 Games} e5 {B51: Sicilian: Moscow Variation (3 Bb5+) without 3...Bd7} (4... Ngf6 5. Nc3 g6 6. a5 Bg7 7. O-O a6 8. Bc4 O-O 9. d3 Nb8 10. Nd5 Nc6 11. Nb6 Rb8 12. Bd2 Bg4 13. h3 Bxf3 14. Qxf3 {0-1 (46) Carlsen,M (2855)-Topalov,V (2761) Paris 2016}) 5. O-O Be7 6. Nc3 {[%cal Bb1c3,Bc3e2,Be2g3,Bg3f5][%mdl 32]} Ngf6 {White has an edge.} 7. d3 O-O 8. a5 $146 (8. h3 Nb8 9. Ne2 a6 10. Bc4 Be6 11. Ng3 Nc6 12. c3 {0-1 (45) Aliev,V (2139)-Akhmedzhanov,K (2278) Astrakhan 2013}) 8... Nb8 {[%cal Bd7b8,Bb8c6,Bc6d4][%mdl 32]} 9. Ne2 a6 10. Bc4 Nc6 11. Bd2 Bg4 12. Ng3 Nd4 13. c3 Nc6 14. h3 Bxf3 15. Qxf3 (15. gxf3 Nxa5 16. Ba2 Nc6 $11) 15... Nxa5 16. Ba2 b5 (16... Ne8 $14) 17. Nf5 $16 c4 18. dxc4 ({Much less strong is} 18. Qg3 Nh5 19. Qf3 g6 $14) 18... bxc4 19. Bh6 ({Resist} 19. Qg3 $6 Nh5 20. Qf3 g6 $14) (19. Bg5 $142) 19... Ne8 20. Qg3 $40 {[%mdl 128] White mounts an attack.} Bf6 21. Rfd1 Kh8 $2 {[#]} (21... Rb8 $14) 22. Rxd6 $1 $18 {[%mdl 512]} Qxd6 (22... Nxd6 23. Bxg7+) 23. Nxd6 Nxd6 24. Be3 Rfb8 (24... Rab8 $142 25. Bc5 Nxe4) 25. f4 Rb5 26. Rd1 Nab7 27. Bb1 Re8 28. fxe5 Bxe5 29. Qf2 Ra5 30. Bc2 Ra2 31. Bb1 $2 (31. Rb1 $16) 31... Ra1 $2 (31... Ra5 $1 $11) 32. Rf1 f6 33. Bd4 a5 (33... h6 $16 34. Qd2 Ra5) 34. b3 cxb3 35. Qb2 Ra4 36. Bxe5 ({Not} 36. Qxb3 Bxd4+ 37. cxd4 Rxd4 $16) 36... Rxe5 37. Qxb3 Rc4 38. Rd1 h6 39. Rd4 Rc8 {[#]} 40. Rd5 $1 Nc5 (40... Ree8 $142 41. Bd3 Re7) 41. Qa2 Ncxe4 42. Rxe5 fxe5 43. Qxa5 {[%mdl 32768] An unexpected result.} 1/2-1/2

[Event "EIWCC 2017"]
[Site "Riga"]
[Date "2017.04.16"]
[Round "6"]
[White "Gara, Anita"]
[Black "Cramling, Pia"]
[Result "1/2-1/2"]
[WhiteElo "2354"]
[BlackElo "2452"]
[Annotator "TA"]
[PlyCount "161"]
[EventDate "2017.??.??"]
[EventType "swiss"]
[EventCountry "LAT"]
[SourceTitle "playchess.com"]
[Source "ChessBase"]
[SourceQuality "1"]

{[%evp 21,161,59,83,81,85,48,39,39,91,31,47,25,85,91,73,45,46,-29,0,0,0,0,0,0,0,0,0,-16,-12,-17,-24,-31,-5,-5,-4,-5,-6,-24,-34,-25,-14,-21,-17,-73,-56,-68,-58,-69,-81,-83,-64,-78,-73,-175,-178,-207,-34,-34,-34,-34,-34,-34,-34,-34,-8,-8,-8,-34,-34,-34,-34,-34,-34,-34,-34,-34,-34,-34,-34,-34,-34,-34,-34,-34,-34,-34,-34,-34,-34,-34,-34,-34,-34,-34,0,-34,-34,-34,-34,-34,-34,-34,-34,-34,-34,-34,-34,-34,-34,-34,-34,-34,-34,-34,-34,-34,-34,-34,-34,-34,0,0,0,-34,0,-34,0,-34,-34,-34,-34,-34,-34,-34,-34,-34,-34,-34,0,0,0,0]} 1. e4 c5 2. c3 b6 3. d4 Bb7 4. Nd2 cxd4 5. cxd4 Nf6 6. Bd3 Nc6 7. Ne2 e5 8. d5 {B22: Sicilian: 2 c3} Nb4 9. Bb1 a5 10. a3 Na6 11. O-O Bc5 {LiveBook: 7 Games} 12. Nb3 $146 (12. Ng3 d6 13. Nc4 O-O 14. Ne3 Bc8 15. Nef5 Ne8 {0-1 (45) Zumsande,M (2485)-Bellon Lopez,J (2336) Stockholm 2017}) 12... a4 13. Nxc5 Nxc5 14. f4 O-O (14... Nfxe4 $14 15. fxe5 O-O) 15. fxe5 (15. Nc3 $16) 15... Nfxe4 16. Be3 f6 {[#]} (16... d6 $11) 17. Rf4 $1 $16 (17. Bxc5 $6 Nxc5 18. Nf4 (18. Qc2 g6 19. Ba2 fxe5 20. Rxf8+ Qxf8 $17) 18... Qe8 $11) 17... f5 18. Bxc5 Nxc5 19. Bc2 ({Of course not} 19. Bxf5 Qe7 20. Qc2 g6 21. Bxg6 hxg6 22. Qxg6+ Qg7 23. Qxg7+ Kxg7 $11) ({And not} 19. Rxf5 Nb3 20. Ra2 Qe7 $17) (19. Ba2 $14) 19... Qe7 $36 {[%mdl 2048] Black is more active.} 20. Qd4 Rae8 21. Nc3 {White wants to play Re1.} Qxe5 22. Qxe5 Rxe5 23. Rd1 Ba6 24. Nxa4 Re2 25. Nxc5 ({Wrong is} 25. Bxf5 $2 g6 26. Nxc5 bxc5 $19) (25. Bb1 $5 {feels hotter.} Rf6 26. Nxc5 bxc5 27. b4 cxb4 28. axb4 Re5 29. d6) 25... bxc5 26. Rf2 d6 27. Rxe2 Bxe2 $11 {[%mdl 4096] Endgame KRB-KRB} 28. Rd2 Bb5 29. Bd3 Bxd3 30. Rxd3 {KR-KR} Rb8 31. b3 Kf7 32. Re3 (32. Kf2 $11) 32... f4 $17 33. Re6 Rxb3 34. Rxd6 Rxa3 35. Rc6 {[#]} Rc3 $1 36. Kf2 g5 37. h3 (37. Rc7+ $17 Kf6 38. Rxh7) 37... c4 38. Rc7+ Kg6 $2 (38... Kf6 $19 {Strongly threatening ...Ke5.} 39. Rxh7 Ke5) 39. d6 $1 $15 Rd3 40. Rxc4 Rxd6 41. g3 fxg3+ 42. Kxg3 Rd3+ 43. Kg2 h5 44. Rc5 Rd2+ 45. Kg1 Rd4 46. Kg2 Kf6 47. Ra5 Re4 48. Kf3 Re5 49. Ra6+ Re6 {( -> ...g4+!)} 50. Ra5 Rc6 51. Rb5 Rd6 52. Ra5 Rb6 53. Rc5 Rb3+ 54. Kg2 Rb2+ 55. Kg1 h4 56. Ra5 Re2 57. Rb5 Re5 58. Rb4 Kf5 59. Kf2 Rd5 60. Ra4 Rd2+ 61. Kg1 Re2 62. Rb4 Re4 63. Rb8 Ra4 64. Rf8+ Ke4 65. Rf7 Ra3 66. Kg2 Rg3+ 67. Kh2 Rf3 68. Rg7 Kf4 69. Kg2 {Hoping for Rf7+.} Rg3+ 70. Kh2 Re3 {And now ...Re2+ would win.} 71. Rf7+ Ke4 72. Kg2 (72. Re7+ $5 {seems wilder.} Kd4 73. Rd7+ Kc5 74. Kg2 Rg3+ 75. Kh2) 72... Rg3+ 73. Kh2 Rf3 74. Rg7 Rf5 75. Kg2 Ke3 76. Re7+ Kf4 77. Kf2 Ra5 78. Rf7+ Ke4 79. Re7+ Re5 80. Rxe5+ Kxe5 81. Ke3 1/2-1/2